00355nam a2200133Ia 45000010005000000080041000050200018000460400013000640820020000771000020000972450087001172600010002045460007002146968140320s9999 xx 000 0 und d a0-06-250423-1 cPK-LaUMT a 291.212bJOH-L aJohnson, Buffie aLady of the beasts:bancient images of the Goddess and her s. . .cJohnson, Buffie c1981. aEN